[Event "ROM-chT U16"]
[Site "Iasi"]
[Date "2018.07.16"]
[Round "5.3"]
[White "Poncu, Andrei"]
[Black "Berechet, Stefan Mario"]
[Result "0-1"]
[WhiteElo "1628"]
[BlackElo "1890"]
[PlyCount "82"]
[EventDate "2018.07.13"]
[EventType "team-swiss"]
[EventRounds "7"]
[EventCountry "ROU"]
[SourceTitle "EXT 2019"]
[Source "ChessBase"]
[SourceDate "2018.10.10"]
[SourceVersion "1"]
[SourceVersionDate "2018.10.10"]
[SourceQuality "1"]
[WhiteTeam "Iasi Philidor"]
[BlackTeam "Buzau Gloria"]
[WhiteTeamCountry "ROU"]
[BlackTeamCountry "ROU"]

1. d4 g6 2. Nf3 Bg7 3. Bf4 d6 4. e3 Nd7 5. Bc4 Ngf6 6. h3 0-0 7. Nc3 c5 8. 0-0 a6 9. a4 b6 10. Rb1 Bb7 11. d5 Qc7 12. e4 Ne5 13. Qe2 Rfb8 14. Rfd1 Nxc4 15. Qxc4 b5 16. Qd3 b4 17. Ne2 a5 18. b3 Ba6 19. Qe3 Nh5 20. Bh2 Rc8 21. Rdc1 Bxe2 22. Qxe2 c4 23. g4 Nf6 24. Bf4 Nd7 25. Be3 Nf6 26. Bd4 Rab8 27. c3 cxb3 28. Rxb3 Qd7 29. Ra1 bxc3 30. Rxb8 Rxb8 31. Bxc3 h5 32. g5 Nxd5 33. Bxg7 Nf4 34. Qe3 Nxh3+ 35. Kh2 Kxg7 36. Nh4 Qe6 37. Rd1 Rb3 38. Rd3 Rxd3 39. Qxd3 Nxf2 40. Qd4+ Qe5+ 41. Qxe5+ dxe5 0-1

[Event "ROM-chT U16"]
[Site "Iasi"]
[Date "2018.07.15"]
[Round "3.3"]
[White "Poncu, Andrei"]
[Black "Popa, Marius Ionut"]
[Result "1/2-1/2"]
[WhiteElo "1628"]
[BlackElo "1207"]
[PlyCount "101"]
[EventDate "2018.07.13"]
[EventType "team-swiss"]
[EventRounds "7"]
[EventCountry "ROU"]
[SourceTitle "EXT 2019"]
[Source "ChessBase"]
[SourceDate "2018.10.10"]
[SourceVersion "1"]
[SourceVersionDate "2018.10.10"]
[SourceQuality "1"]
[WhiteTeam "Iasi Philidor"]
[BlackTeam "Galati CC II"]
[WhiteTeamCountry "ROU"]
[BlackTeamCountry "ROU"]

1. d4 d5 2. Bf4 Bf5 3. Nf3 e6 4. e3 Nc6 5. a3 Nf6 6. c4 Be7 7. c5 0-0 8. Nc3 a6 9. Bd3 Bg6 10. h4 Nh5 11. Bg5 Bxd3 12. Bxe7 Qxe7 13. Qxd3 Nf6 14. e4 dxe4 15. Nxe4 Rad8 16. 0-0-0 Rd7 17. Nfg5 Nxe4 18. Qxe4 g6 19. f4 Rfd8 20. Nf3 Qf6 21. g3 Qf5 22. Qxf5 exf5 23. Ne5 Rxd4 24. Nxc6 bxc6 25. Rxd4 Rxd4 26. Rh2 Kf8 27. h5 Kg7 28. Rd2 Rc4+ 29. Rc2 Re4 30. Kd2 gxh5 31. Kd3 Kf6 32. Rc4 Rxc4 33. Kxc4 Ke6 34. b3 h6 35. b4 Kf6 36. a4 Ke6 37. Kd4 f6 38. Kc4 Kd7 39. Kd4 Kc8 40. b5 Kb7 41. bxc6+ Kxc6 42. Kc4 a5 43. Kd4 Kd7 44. Kd5 c6+ 45. Kc4 Ke6 46. Kd4 Kf7 47. Ke3 Kg6 48. Kf3 Kf7 49. Ke3 Ke6 50. Kd4 Kf7 51. Ke3 1/2-1/2

[Event "ROM-chT U16"]
[Site "Iasi"]
[Date "2018.07.13"]
[Round "1.3"]
[White "Vilcu, Matei Stefan"]
[Black "Poncu, Andrei"]
[Result "1-0"]
[WhiteElo "1874"]
[BlackElo "1628"]
[PlyCount "49"]
[EventDate "2018.07.13"]
[EventType "team-swiss"]
[EventRounds "7"]
[EventCountry "ROU"]
[SourceTitle "EXT 2019"]
[Source "ChessBase"]
[SourceDate "2018.10.10"]
[SourceVersion "1"]
[SourceVersionDate "2018.10.10"]
[SourceQuality "1"]
[WhiteTeam "Targu Mures"]
[BlackTeam "Iasi Philidor"]
[WhiteTeamCountry "ROU"]
[BlackTeamCountry "ROU"]

1. e4 e5 2. Nf3 d6 3. d4 exd4 4. Qxd4 Nc6 5. Bb5 Bd7 6. Bxc6 Bxc6 7. Nc3 Nf6 8. Bf4 Be7 9. 0-0-0 0-0 10. Rhe1 Nh5 11. Bd2 Bf6 12. Qc4 Re8 13. Nd4 Bd7 14. Nf5 Bg5 15. Qd3 Nf4 16. Qg3 Ne6 17. f4 Bf6 18. Nd5 Nc5 19. e5 dxe5 20. fxe5 Bxf5 21. exf6 Ne6 22. Rxe6 g6 23. Rxe8+ Qxe8 24. Ne7+ Kh8 25. Bh6 1-0